Municipis d'Osona - Estadísticas

Estadísticas generales
  • Esta prueba ha sido intentada 97 veces
  • La puntuación promedio es 31 de 50
Respuestas en el mapa
Las respuestas están codificadas por una escala verde-roja en el mapa de la prueba según el % correcto abajo.
 
Estadísticas de respuestas
Respota % Correcto
Vic
100%
Tona
90%
Gurb
88%
Manlleu
88%
Centelles
86%
Torelló
86%
Seva
82%
Balenyà
76%
Sant Hipòlit de Voltregà
76%
Calldetenes
74%
Roda de Ter
74%
Santa Eugènia de Berga
74%
Viladrau
74%
Taradell
72%
Sant Pere de Torelló
70%
Sant Quirze de Bessora
70%
Masies de Voltregà
66%
Malla
64%
Rupit i Pruit
64%
Esquirol
62%
Sant Martí de Centelles
62%
Prats de Lluçanès
60%
Tavertet
60%
Folgueroles
58%
Sant Vicenç de Torelló
58%
Llucà
56%
Olost
56%
Santa Eulàlia de Riuprimer
56%
Sant Julià de Vilatorta
56%
Vidrà
56%
Montesquiu
54%
Sant Bartomeu del Grau
54%
Sant Boi de Lluçanès
54%
Vilanova de Sau
54%
Brull
52%
Masies de Roda
52%
Muntanyola
52%
Orís
52%
Santa Maria de Besora
52%
Alpens
50%
Perafita
50%
Oristà
48%
Sora
48%
Tavèrnoles
48%
Sant Sadurní d'Osormort
46%
Sant Agustí de Lluçanès
44%
Santa Cecília de Voltregà
42%
Sobremunt
38%
Sant Martí d'Albars
34%
Espinelvas
30%
No se encontraron pruebas coincidentes
Distribución de puntuación
Porcentaje de gente con cada puntuación
Porcentaje por número respondido
Historial de tus puntuaciones
No has intentado esta prueba.